Esposición [sic] que dirije [sic] al Congreso de los Diputados el ex-ministro de Marina Don Antonio Doral. (Record no. 52984)

MARC details
000 -LEADER
campo de control de longitud fija 01055nam a22002535i 4500
001 - NÚMERO DE CONTROL
campo de control 52984
003 - IDENTIFICADOR DE NÚMERO DE CONTROL
campo de control ES-MaACL
005 - FECHA Y HORA DE LA ÚLTIMA TRANSACCIÓN
campo de control 20230906162700.0
007 - CAMPO FIJO DE DESCRIPCIÓN FÍSICA--INFORMACIÓN GENERAL
campo de control de longitud fija t|
008 - DATOS DE LONGITUD FIJA--INFORMACIÓN GENERAL
campo de control de longitud fija 950906s1853 sp ||||1| spa d
080 ## - NÚMERO DE LA CLASIFICACIÓN DECIMAL UNIVERSAL
Número de la Clasificación Decimal Universal 355.61:359(599)
080 ## - NÚMERO DE LA CLASIFICACIÓN DECIMAL UNIVERSAL
Número de la Clasificación Decimal Universal 359(460)
100 1# - ENTRADA PRINCIPAL--NOMBRE DE PERSONA
Nombre de persona Doral, Antonio.
9 (RLIN) 45377
245 10 - MENCIÓN DEL TÍTULO
Título Esposición [sic] que dirije [sic] al Congreso de los Diputados el ex-ministro de Marina Don Antonio Doral.
246 3# - FORMA VARIANTE DEL TITULO
Título propio/Titulo breve Exposición que dirige al Congreso de los Diputados el ex-ministro de Marina Don Antonio Doral
260 ## - PUBLICACIÓN, DISTRIBUCIÓN, ETC.
Lugar de publicación, distribución, etc. Madrid :
Nombre del editor, distribuidor, etc. [s.n.],
Fecha de publicación, distribución, etc. 1853 (
Fabricante Por Aguado, imp. de Cámara de S.M. y de su Real Casa)
300 ## - DESCRIPCIÓN FÍSICA
Extensión 55 p. ;
Dimensiones 26 cm.
530 ## - NOTA DISPONIBLE DE FORMULARIO FÍSICO ADICIONAL
Nota de formato físico adicional disponible Disponible en formato digital.
594 ## - Nota al título y mención de responsabilidad
Nota al título y mención de responsabilidad En p. 3: Real Orden de 16 de mayo de este año, relativa al suministro de carbones para Filipinas
650 #4 - PUNTO DE ACCESO ADICIONAL DE MATERIA--TÉRMINO DE MATERIA
Término de materia o nombre geográfico como elemento de entrada Marina de guerra-
Subdivisión geográfica España-
Subdivisión cronológica S.XIX.
9 (RLIN) 14783
650 #4 - PUNTO DE ACCESO ADICIONAL DE MATERIA--TÉRMINO DE MATERIA
Término de materia o nombre geográfico como elemento de entrada Carbón-
Subdivisión geográfica Filipinas.
9 (RLIN) 175894
852 4# - LOCALIZACIÓN
Ubicación ES-MaACL
Número de control de estantería T-47-F-4
856 4# - LOCALIZACIÓN Y ACCESO ELECTRÓNICOS
Identificador Uniforme de Recursos <a href="http://bdh-rd.bne.es/viewer.vm?id=0000085947&page=1 ">http://bdh-rd.bne.es/viewer.vm?id=0000085947&page=1 </a>
Nota pública Biblioteca Digital Hispánica
Holdings
Estatus retirado Estado de pérdida Estado de daño No para préstamo Colección Biblioteca de origen Biblioteca actual Ubicación en estantería Fecha de adquisición Fuente de adquisición Total de préstamos Signatura topográfica completa Código de barras Visto por última vez Precio de reemplazo Tipo de ítem Koha
        Colección de folletos Biblioteca del Ateneo de Madrid Biblioteca del Ateneo de Madrid Depósito folletos 17/01/2008     T-47-F-4 1055678 23/02/2023 23/02/2023 Folleto